<?xml version="1.0" encoding="UTF-8"?>
<record
    xmlns:xsi="http://www.w3.org/2001/XMLSchema-instance"
    xsi:schemaLocation="http://www.loc.gov/MARC21/slim http://www.loc.gov/standards/marcxml/schema/MARC21slim.xsd"
    xmlns="http://www.loc.gov/MARC21/slim">

  <leader>00491nam a2200145Ia 4500</leader>
  <datafield tag="041" ind1=" " ind2=" ">
    <subfield code="a">Kurdish</subfield>
  </datafield>
  <datafield tag="082" ind1=" " ind2=" ">
    <subfield code="a">704.95671 cut-939 &#x6CE;</subfield>
  </datafield>
  <datafield tag="100" ind1=" " ind2=" ">
    <subfield code="a">20260118u\\\\\\\\\\\y0engy0103\\\\ba</subfield>
  </datafield>
  <datafield tag="100" ind1=" " ind2=" ">
    <subfield code="a">&#x633;&#x645;&#x6A9;&#x6C6; &#x628;&#x6D5;&#x647;&#x631;&#x6C6;&#x632; ( &#x626;&#x6D5;&#x698;&#x649; )</subfield>
  </datafield>
  <datafield tag="245" ind1=" " ind2="0">
    <subfield code="a">&#x645;&#x6CE;&#x698;&#x648;&#x648;&#x649; &#x647;&#x648;&#x646;&#x6D5;&#x631;&#x649; &#x62A;&#x6D5;&#x644;&#x627;&#x631;&#x633;&#x627;&#x632;&#x649; &#x646;&#x627;&#x648;&#x686;&#x6D5;&#x649; &#x6A9;&#x6D5;&#x631;&#x6A9;&#x648;&#x6A9; &#x644;&#x6D5; &#x631;&#x648;&#x627;&#x646;&#x6AF;&#x6D5;&#x649; &#x633;&#x6D5;&#x631;&#x62F;&#x6D5;&#x645;&#x6D5; &#x645;&#x6CE;&#x698;&#x648;&#x648;&#x6CC;&#x6CC;&#x6D5; &#x6A9;&#x627;&#x646;&#x62F;&#x627;</subfield>
  </datafield>
  <datafield tag="250" ind1=" " ind2=" ">
    <subfield code="a">&#x686;1</subfield>
  </datafield>
  <datafield tag="260" ind1=" " ind2=" ">
    <subfield code="b">&#x686;&#x627;&#x67E;&#x62E;&#x627;&#x646;&#x6D5;&#x649; &#x62E;&#x627;&#x6A9;</subfield>
    <subfield code="a">&#x6A9;&#x6D5;&#x631;&#x6A9;&#x648;&#x6A9;</subfield>
    <subfield code="c">2008</subfield>
  </datafield>
  <datafield tag="300" ind1=" " ind2=" ">
    <subfield code="a">258</subfield>
  </datafield>
  <datafield tag="942" ind1=" " ind2=" ">
    <subfield code="c">Bk</subfield>
  </datafield>
  <datafield tag="999" ind1=" " ind2=" ">
    <subfield code="c">189867</subfield>
    <subfield code="d">189867</subfield>
  </datafield>
  <datafield tag="952" ind1=" " ind2=" ">
    <subfield code="0">0</subfield>
    <subfield code="1">0</subfield>
    <subfield code="4">0</subfield>
    <subfield code="7">0</subfield>
    <subfield code="8">710 - 719</subfield>
    <subfield code="a">KOYUCL</subfield>
    <subfield code="b">KOYUCL</subfield>
    <subfield code="c">BK</subfield>
    <subfield code="d">2026-01-18</subfield>
    <subfield code="l">0</subfield>
    <subfield code="o">704.95671 cut-939 &#x6CE;</subfield>
    <subfield code="p">0000095322</subfield>
    <subfield code="r">2026-01-18</subfield>
    <subfield code="t">1</subfield>
    <subfield code="w">2026-01-18</subfield>
    <subfield code="y">Bk</subfield>
  </datafield>
</record>
